[Event "Central America-ch (Women)"]
[Site "Santa Clara"]
[Date "2024.05.18"]
[Round "7"]
[White "Hernandez Gil, Ineymig"]
[Black "Pino Alvarez, Yaima"]
[Result "1-0"]
[WhiteElo "2156"]
[BlackElo "1915"]
[PlyCount "121"]
[EventDate "2024.05.14"]
[EventType "swiss"]
[EventRounds "9"]
[EventCountry "CUB"]
[SourceTitle "CBM 220 Extra"]
[Source "ChessBase"]
[SourceDate "2024.07.31"]
[SourceVersion "1"]
[SourceVersionDate "2024.07.31"]
[SourceQuality "1"]

1. e4 c5 2. Nf3 d6 3. d4 cxd4 4. Nxd4 Nf6 5. Nc3 a6 6. a3 e5 7. Nf5 d5 8. Bg5 d4 9. Bxf6 Qxf6 10. Nd5 Qd8 11. c4 Nc6 12. g4 Be6 13. Bd3 g6 14. Ng3 Be7 15. Qf3 Rc8 16. Rc1 Qa5+ 17. Kf1 Bg5 18. Rc2 Bh4 19. Kg2 Qd8 20. h3 Qg5 21. Kh2 Ne7 22. Rg1 Rg8 23. Re2 Kd8 24. Ree1 Rh8 25. b4 h5 26. gxh5 Bxg3+ 27. Rxg3 Qxh5 28. Qf6 Qh4 29. Qxe5 Bxh3 30. Kg1 Bd7 31. Qxe7+ Qxe7 32. Nxe7 Kxe7 33. e5 Rh5 34. Be4 Rch8 35. Kg2 Rh2+ 36. Kf3 Be6 37. Bd5 Bxd5+ 38. cxd5 Kd7 39. d6 d3 40. Rd1 R8h5 41. Rd2 Rf5+ 42. Ke3 Rxe5+ 43. Kd4 Rf5 44. Re3 Rhxf2 45. Re7+ Kc8 46. Rxd3 R2f3 47. Rc7+ Kb8 48. Rxf3 Rxf3 49. Ke5 g5 50. Re7 Kc8 51. Re8+ Kd7 52. Rb8 Kc6 53. Rc8+ Kd7 54. Rc7+ Kd8 55. Rxb7 Rc3 56. Rxf7 g4 57. Rg7 g3 58. Kd5 Rxa3 59. Kc6 Ke8 60. d7+ Kf8 61. Rxg3 1-0

[Event "Varadero op-A"]
[Site "Varadero"]
[Date "2023.10.06"]
[Round "7"]
[White "Herrera Benitez, Felipe"]
[Black "Pino Alvarez, Yaima"]
[Result "1-0"]
[WhiteElo "1847"]
[BlackElo "1983"]
[PlyCount "85"]
[EventDate "2023.10.03"]
[EventType "swiss"]
[EventRounds "9"]
[EventCountry "CUB"]
[SourceTitle "EXT 2025"]
[Source "ChessBase"]
[SourceDate "2024.10.14"]
[SourceVersion "1"]
[SourceVersionDate "2024.10.14"]
[SourceQuality "1"]

1. Nf3 Nf6 2. c4 g6 3. Nc3 Bg7 4. d4 d6 5. g3 0-0 6. Bg2 Nbd7 7. 0-0 c6 8. h3 e5 9. e4 Re8 10. Re1 exd4 11. Nxd4 Ne5 12. Bf1 a5 13. Be3 h6 14. f4 Ned7 15. Qc2 Nc5 16. Bf2 Qc7 17. Rad1 Bd7 18. Nf3 b6 19. g4 Nh7 20. Re2 Rad8 21. Bh4 f6 22. Bg3 Bf8 23. Red2 Qc8 24. e5 f5 25. exd6 fxg4 26. Qxg6+ Bg7 27. Ne5 Rxe5 28. fxe5 Bf5 29. d7 Bxg6 30. dxc8Q Rxc8 31. Rd8+ Rxd8 32. Rxd8+ Kf7 33. Rc8 Ng5 34. Rc7+ Kg8 35. Rxc6 Bf5 36. Nd5 Nf3+ 37. Kh1 Be4 38. Bg2 gxh3 39. Bxf3 Bxf3+ 40. Kh2 Bg2 41. e6 Bd4 42. e7 Kf7 43. Rc8 1-0

[Event "Varadero op-A"]
[Site "Varadero"]
[Date "2023.10.06"]
[Round "6"]
[White "Pino Alvarez, Yaima"]
[Black "Hernandez Elias, Yurislandy"]
[Result "0-1"]
[WhiteElo "1983"]
[BlackElo "1912"]
[PlyCount "20"]
[EventDate "2023.10.03"]
[EventType "swiss"]
[EventRounds "9"]
[EventCountry "CUB"]
[SourceTitle "EXT 2025"]
[Source "ChessBase"]
[SourceDate "2024.10.14"]
[SourceVersion "1"]
[SourceVersionDate "2024.10.14"]
[SourceQuality "1"]

1. e4 e5 2. Nf3 d6 3. d4 exd4 4. Nxd4 Nf6 5. Nc3 g6 6. Be3 Bg7 7. f3 0-0 8. Qd2 Nc6 9. 0-0-0 d5 10. Nxc6 bxc6 0-1

[Event "Varadero op-A"]
[Site "Varadero"]
[Date "2023.10.03"]
[Round "2"]
[White "Hechavarria Puga, Lenier"]
[Black "Pino Alvarez, Yaima"]
[Result "1-0"]
[WhiteElo "1715"]
[BlackElo "1983"]
[PlyCount "27"]
[EventDate "2023.10.03"]
[EventType "swiss"]
[EventRounds "9"]
[EventCountry "CUB"]
[SourceTitle "EXT 2025"]
[Source "ChessBase"]
[SourceDate "2024.10.14"]
[SourceVersion "1"]
[SourceVersionDate "2024.10.14"]
[SourceQuality "1"]

1. e4 c5 2. Nf3 d6 3. d4 cxd4 4. Nxd4 Nf6 5. Nc3 a6 6. f4 e6 7. g4 h6 8. Bg2 Be7 9. 0-0 Nfd7 10. Be3 Nc6 11. Qf3 Qc7 12. Rad1 Na5 13. Nde2 b6 14. Bd4 1-0

[Event "Varadero op-A"]
[Site "Varadero"]
[Date "2023.10.03"]
[Round "1"]
[White "Pino Alvarez, Yaima"]
[Black "Chavez Oropesa, Daniel Alejandro"]
[Result "1-0"]
[WhiteElo "1983"]
[BlackElo "1809"]
[PlyCount "80"]
[EventDate "2023.10.03"]
[EventType "swiss"]
[EventRounds "9"]
[EventCountry "CUB"]
[SourceTitle "EXT 2025"]
[Source "ChessBase"]
[SourceDate "2024.10.14"]
[SourceVersion "1"]
[SourceVersionDate "2024.10.14"]
[SourceQuality "1"]

1. e4 e5 2. Nf3 d5 3. exd5 e4 4. Qe2 Be7 5. Qxe4 Nf6 6. Qe2 Nxd5 7. g3 Nb4 8. d3 Bg4 9. Bg2 N8c6 10. Be3 Ne5 11. Kd1 Qd5 12. Nbd2 0-0 13. a3 Bxf3 14. Bxf3 Nxf3 15. Qxf3 Qb5 16. a4 Qa6 17. Bd4 Rad8 18. Qg4 Rxd4 19. Qxd4 Qc6 20. Re1 Qxc2+ 21. Ke2 Rd8 22. Qc3 Qxc3 23. bxc3 Nc2 24. Rac1 Nxe1 25. Rxe1 Kf8 26. Rb1 b6 27. c4 Bc5 28. Ne4 Bd4 29. f4 f5 30. Ng5 Re8+ 31. Kd2 Bf2 32. Rb5 c5 33. a5 Be1+ 34. Kd1 Bxa5 35. d4 Re1+ 36. Kc2 Re2+ 37. Kd3 Re1 38. Kc2 Bb4 39. dxc5 Bxc5 40. Nf3 Re7 1-0